Statistiken für One Piece - Teufelsfrüchte

Klicken Sie hier um das Quiz zu spielen!

Allgemein

  • Dieses Quiz wurde 64 mal gespielt
  • Das Durchschnittsergebnis liegt bei 68 aus 137

Antwortstatistiken

HintAntwort% Korrekt
Baron TamagoEi-FruchtZoan
94%
AokijiGefrier-FruchtLogia
92%
Monkey D. RuffyMensch-Mensch-Frucht, Modell: NikaZoan
92%
EckiBull-Bull-Frucht, Modell: GiraffeZoan
88%
Portgas D. Ace
Sabo
Feuer-FruchtLogia
88%
Tony ChopperMensch-Mensch-FruchtZoan
88%
SenghokMensch-Mensch-Frucht,
Modell: Daibutsu
Zoan
88%
OnimaruMensch-Mensch-Frucht, Modell: OnyudoZoan
88%
Trafalgar D. Water LawOperations-FruchtParamecia
86%
KaidoFisch-Frucht, Modell: Blauer Drache
Zoan
84%
AkainuMagma-FruchtLogia
84%
EnelDonner-FruchtLogia
82%
KizaruFunkel-FruchtLogia
82%
Whitebeard
Blackbeard
Erdbeben-FruchtParamecia
80%
Rob LucciKatzen-Frucht, Modell: LeopardZoan
80%
MarcoVogel-Frucht Modell: PhönixZoan
80%
Don Quichotte de FlamingoFaden-FruchtParamecia
78%
MagellanGift-FruchtParamecia
78%
SmokerRauch-FruchtLogia
76%
BuggyTrenn-Trenn-FruchtParamecia
76%
JackElefanten-Frucht, Modell: MammutZoan
74%
BartolomeoBarriere-FruchtParamecia
72%
QueenDinosaurier-Frucht,
Modell: Brachiosaurus
Zoan
72%
SasakiDinosaurier-Frucht,
Modell: Triceratops
Zoan
72%
Caesar CrownGas-FruchtLogia
72%
ChiqicheetahKatzen-Frucht Modell: GepardZoan
72%
Eustass KidMagnet-FruchtParamecia
72%
Sir CrocodileSand-FruchtLogia
72%
UltiDinosaurier-Frucht,
Modell: Pachycephalosaurus
Zoan
70%
X. DrakeDinosaurier-Frucht, Modell: AllosaurusZoan
70%
KingDinosaurier-Frucht, Modell: PteranodonZoan
70%
Page OneDinosaurier-Frucht, Modell: SpinosaurusZoan
70%
PeronaGeister-FruchtParamecia
70%
JaburaHund-Hund-Frucht, Modell: WolfZoan
70%
BrunoKlapptür-FruchtParamecia
70%
Gecko MoriaSchatten-FruchtParamecia
70%
MorgansVogel-Frucht, Modell: AlbatrosZoan
70%
PeruhVogel-Frucht Modell: FalkeZoan
70%
Who's WhoKatzen-Frucht,
Modell: Säbelzahntiger
Zoan
68%
Charlotte Linlin
Carmel
Seelen-FruchtParamecia
68%
Bartholomäus BärTatzen-FruchtParamecia
68%
ChakaHund-Hund-Frucht, Modell: SchakalZoan
66%
Charlotte KatakuriMochi-FruchtParamecia
66%
MonetSchnee-FruchtLogia
66%
Señor PinkSchwimm-FruchtParamecia
66%
Mister 3Wachs-FruchtParamecia
66%
Charlotte CrackerKeks-FruchtParamecia
64%
Boa HancockLiebes-FruchtParamecia
64%
PicaStein-FruchtParamecia
64%
YamatoHund-Hund-Frucht,
Modell: Okuchi no Makami
Zoan
62%
FiffieHund-Hund-Frucht, Modell: DackelZoan
62%
BunbukuHund-Hund-Frucht, Modell: TanukiZoan
62%
FunkfriedElefanten-FruchtZoan
60%
Kurozumi OrochiSchlangen-Frucht,
Modell: Yamata no Orochi
Zoan
60%
Boa SandersoniaSchlangen-Frucht, Modell: AnacondaZoan
60%
Boa MarigoldSchlangen-Frucht Modell: King CobraZoan
60%
BlackbeardFinster-FruchtLogia
58%
Kouzuki TokiZeit-FruchtParamecia
58%
Charlotte OvenHitze-FruchtParamecia
56%
CaribouSumpf-FruchtLogia
56%
VegapunkGehirn-FruchtParamecia
54%
Mister 1Klingen-FruchtParamecia
54%
Absalom
Shiryuu
Unsichtbarkeits-FruchtParamecia
54%
DaltonBull-Bull-Frucht, Modell: BisonZoan
52%
Emporio IvankovHormon-FruchtParamecia
50%
Mister 2Nachahmungs-FruchtParamecia
50%
Charlotte BrûléeSpiegel-FruchtParamecia
50%
Baby 5Waffen-FruchtParamecia
50%
Black MariaSpinnen-Frucht,
Modell: Rosamygale Grauvogeli
Zoan
48%
Basil HawkinsStroh-FruchtParamecia
48%
BrookTotenreich-FruchtParamecia
48%
Nico RobinFlora-FruchtParamecia
46%
Kelly FunkJacken-FruchtParamecia
46%
PekomsSchildkröten-FruchtZoan
46%
Van der Decken IX.Ziel-FruchtParamecia
46%
Mister 5Bomben-FruchtParamecia
44%
Capone BegeBurg-FruchtParamecia
44%
Don Quichotte RocinanteLautlos-FruchtParamecia
42%
Miss Merry ChristmasMaulwurfs-FruchtZoan
42%
Jesus BargesStärke-FruchtParamecia
40%
Berry GoodBeeren-FruchtParamecia
38%
TrebolKlebe-FruchtParamecia
38%
KinemonKleider-FruchtParamecia
38%
KalifaSchaum-FruchtParamecia
38%
Miss DoublefingerStachel-FruchtParamecia
38%
RyokugyuWald-FruchtLogia
38%
AlvidaAlabaster-FruchtParamecia
36%
DiamanteFlatter-FruchtParamecia
36%
MoncherryHeilungs-FruchtParamecia
36%
Miss ValentineKilo-FruchtParamecia
36%
Charlotte PuddingGedächtnis-FruchtParamecia
34%
JolaKunst-FruchtParamecia
34%
WapolMunch-FruchtParamecia
34%
LeoNäh-FruchtParamecia
34%
PierrePferd-FruchtZoan
34%
ShinobuReife-FruchtParamecia
34%
InazumaScheren-FruchtParamecia
34%
StreusenKoch-FruchtParamecia
32%
FoxyLahm-FruchtParamecia
32%
KreiselradRad-FruchtParamecia
32%
ShuuRost-FruchtParamecia
32%
BellamySpiral-FruchtParamecia
32%
Charlotte Mont d'OrBücher-FruchtParamecia
30%
SugarHobby-FruchtParamecia
30%
Doc QKrankheits-FruchtParamecia
30%
GraydleMetall-FruchtParamecia
30%
Charlotte OperaSahne-FruchtParamecia
30%
SmileySalamander-Frucht, Modell: AxolotlZoan
30%
BinsPflanzen-FruchtParamecia
28%
Kurozumi KanjuroPinsel-FruchtParamecia
28%
ViolaAnstarr-FruchtParamecia
26%
HinaFessel-FruchtParamecia
26%
KabuKäfer-Frucht Modell:
Nashornkäfer
Zoan
26%
BianKäfer-Frucht Modell: HornisseZoan
26%
GladiusPlatz-FruchtParamecia
26%
Charlotte PerosperoSchleck-FruchtParamecia
26%
MachviseTonnen-FruchtParamecia
26%
Charlotte SmoothieWring-FruchtParamecia
26%
Charlotte DaifukuLampen-FruchtParamecia
24%
Wan OgerWarp-FruchtParamecia
24%
Scratchmen ApooKlang-FruchtParamecia
22%
BuffaloRotier-FruchtParamecia
20%
Don AcchiinoSchmelz-FruchtParamecia
20%
ErikWirbelsturm-FruchtParamecia
20%
Belo BettyJubel-FruchtParamecia
18%
Charlotte GaletteButter-FruchtParamecia
16%
AbizFlüster-FruchtParamecia
16%
Charlotte NyushiMisch-FruchtParamecia
16%
JozuGlitzer-FruchtParamecia
14%
Kurozumi TamaHirse-FruchtParamecia
14%
MorleySchiebe-FruchtParamecia
14%
RaizoSchriftrollen-FruchtParamecia
14%
FujitoraStampf-FruchtParamecia
14%
BlamencoTaschen-FruchtParamecia
12%
BreedHaustier-FruchtParamecia
10%
NokoSchlaf-FruchtParamecia
10%
BillSiede-FruchtParamecia
8%

Verteilung der Resultate

Perzentil nach korrekt beantworteten Fragen

Anzahl Personen mit jedem Resultat

Ihre Resultats-Entwicklung

Sie haben dieses Quiz noch nicht gespielt